000
00391nam a22001697a 4500
003
MPLRDC
005
20220104114544.0
008
210129b ||||| |||| 00| 0 eng d
082
_a
857.9 TT*
100
_a
唐棠编写
245
_a
昆仑奴
_c
260
_a
_b
香港宏业书局
_c
300
_b
平
490
_a
古传奇新编;2
650
_a
武侠小说
942
_c
BK
_o
857.9 TT*
999
_c
8394
_d
8384